| 000 | 00513nam a2200169 a 4500 | ||
|---|---|---|---|
| 001 | 000033948 | ||
| 005 | 20200930070641.0 | ||
| 008 | 110914s2009 ag 000 0 spa d | ||
| 020 | _a9789507314810 | ||
| 040 |
_aDO-SdBNP _bspa _cBNPHU |
||
| 100 | 1 |
_aGerman, Juan _959403 |
|
| 245 | 1 | 0 |
_aViolín y otras cuestiones / _cJuan German. |
| 250 | _a2a ed. | ||
| 260 |
_aBuenos Aires, Argentina : _bEdiciones a Juan Geman _bSeix Barral, _c2009. |
||
| 300 |
_a76 p. ; _c20 cm. |
||
| 500 | _aEdición en homenaje a Juan Geman | ||
| 999 |
_c33439 _d33439 |
||